|
|
|
|
| LEADER |
00000naa a2200000uu 4500 |
| 001 |
vtls011090856 |
| 003 |
SK-MaSNL |
| 005 |
20260302110149.0 |
| 008 |
220810|1998 xo |||||||||||||||||cze| |
| 015 |
|
|
|a SNBRA
|
| 035 |
|
|
|a (urnnbn)urn:nbn:sk:snk:ar-a0cqat
|
| 035 |
|
|
|a (uuid)8bc38da8-f4fb-428f-812d-2574614982cc
|
| 035 |
|
|
|a urn:nbn:sk:snk-aavw1a
|
| 040 |
|
|
|a SNKBUCL
|b slo
|c SNKBUCL
|e AACR2
|
| 041 |
0 |
|
|a cze
|
| 044 |
|
|
|a xo
|c SK
|
| 100 |
1 |
|
|a Kašná, Viktorie
|4 aut
|9 771876
|
| 245 |
1 |
0 |
|a VÝSLEDKY TRANSFORMACE PODNIKŮ CESTOVNÍHO RUCHU V ČESKÉ REPUBLICE
|c Viktorie Kašná, Václav Lednický
|
| 700 |
1 |
|
|a Lednický, Václav
|4 aut
|9 402455
|
| 773 |
0 |
|
|t Transformácia ekonomiky, skúsenosti Slovenska a ďalších krajín strednej Európy
|d Bratislava : Ekonóm, 1998
|g S. 144-145
|z 8022509728
|
| 954 |
|
|
|a odborná, vedecká literatúra cudzojazyčná (svetová)
|2 lita
|
| 958 |
|
|
|a OND
|
| 958 |
|
|
|a article12
|
| 958 |
|
|
|a chapter
|
| 999 |
|
|
|c 1242017
|d 1243947
|